000 00569nam a2200193 i 4500
001 22254
003 ES-MaACL
007 t|
008 021202s1971 mx ||||1| spa d
100 1 _aAlheim, Williams R.
_919909
245 1 0 _aBasquetbol varonil /
_cWilliams R. Alheim.
250 _a[1ª ed.].
260 _a[México, D.F.] :
_bOctavio Colmenares,
_c[1971]
300 _a82 p. :
_bil. ;
_c20 cm.
852 _aES-MaACL
_jE-8923
_bR.93652
852 _aES-MaACL
_jE-8924
_bR.93653
852 _aES-MaACL
_jE-8925
_bR.93654
852 _aES-MaACL
_jE-9262
_bR.93717
999 _c22254
_d22254